Bill Murray Movies Quiz Stats

 Plays Quiz Updated Dec 31, 2020

     
Support Sporcle.
Go Orange.
Score 0/61 Timer 08:00
2 Plays Today
Year Movie % Correct
1984Ghostbusters
90.1%
1993Groundhog Day
79.6%
1989Ghostbusters II
76.9%
1980Caddyshack
71.8%
2019Zombieland: Double Tap
59.4%
2003Lost in Translation
55.5%
1981Stripes
54.9%
2004The Life Aquatic with Steve Zissou
53.4%
2016The Jungle Book
49.2%
2016Ghostbusters (2016)
47.4%
1991What About Bob?
45.2%
2009Zombieland
44.5%
1988Scrooged
43.7%
1998Rushmore
36.3%
2001The Royal Tenenbaums
36.1%
1979Meatballs
33.8%
2014St. Vincent
30.1%
2014The Grand Budapest Hotel
29%
2012Moonrise Kingdom
27%
1996Kingpin
26.6%
2004Garfield
25.9%
2018Isle of Dogs
25.2%
2012Hyde Park on Hudson
24.1%
2000Charlie's Angels
23.9%
2005Broken Flowers
23.8%
2008Get Smart
22.2%
2009Fantastic Mr. Fox
22%
1996Space Jam
21.3%
1994Ed Wood
19.5%
2006Garfield: A Tail of Two Kitties
19.3%
2007The Darjeeling Limited
19%
Year Movie % Correct
2000Hamlet
18.9%
1997The Man Who Knew Too Little
18.7%
1982Tootsie
18%
2020On The Rocks
17.5%
1980Where the Buffalo Roam
17.2%
2014The Monuments Men
16.6%
1984The Razor's Edge
15.4%
2001Osmosis Jones
15.3%
2015Rock the Kasbah
13.9%
1990Quick Change
13.8%
1986Little Shop of Horrors
12.7%
1993Mad Dog and Glory
12.5%
1998Wild Things
12.5%
2019The Dead Don't Die
12.5%
2003Coffee and Cigarettes
11.6%
2014Dumb and Dumber To
10.2%
2015Aloha
10.1%
1996Larger than Life
10.1%
2008City of Ember
9.4%
2009Get Low
8.2%
1999Cradle Will Rock
6.8%
2005The Lost City
6.4%
2009The Limits of Control
5.6%
1984Nothing Lasts Forever
5.5%
2012A Glimpse Inside the Mind of Charles Swan III
5.4%
2001Speaking of Sex
5.2%
2010Passion Play
5.1%
1980Loose Shoes
4.2%
1979Mr. Mike's Mondo Video
4%
1980The Missing Link
3.3%

From the Vault

Science Grab Bag A-Z

by hscer

Science 6m
Hopefully nothing in here is too radioactive.
Remove Ads.
Support Sporcle.
Get the best of Sporcle when you Go Orange. This ad-free experience offers more features, more stats, and more fun while also helping to support Sporcle. Thank you for becoming a member.

Show Comments

Extras

Top Quizzes Today


Score Distribution

Your Account Isn't Verified!

In order to create a playlist on Sporcle, you need to verify the email address you used during registration. Go to your Sporcle Settings to finish the process.

Report this User

Report this user for behavior that violates our Community Guidelines.

Details: